| 000 | 00462nam a2200169Ia 4500 | ||
|---|---|---|---|
| 008 | 210210b2000 xxu||||| |||| 00| 0 eng d | ||
| 020 | _a84 7208 158 3 | ||
| 082 | _a581.634 PAME | ||
| 100 | _aPAMPLONA-ROGER (George D). | ||
| 245 | _aEncyclopedia of medical plants. Vol 2. | ||
| 260 |
_aSpain. _bEducational & Health Library _c2000 |
||
| 300 | _a405-795 | ||
| 440 | _a2 | ||
| 650 | _aMedicinal Plants, Health | ||
| 690 | _aEncyclopaedia | ||
| 906 | _aSG03940 | ||
| 999 |
_c114563 _d114563 |
||